|
|
|
|
| LEADER |
00000nam0a2200000 4500 |
| 001 |
35925 |
| 005 |
20231030235949.0 |
| 035 |
|
|
|a (RuTPU)RU\TPU\book\36380
|
| 090 |
|
|
|a 35925
|
| 100 |
|
|
|a 20011210d1986 k y0rusy50 ca
|
| 101 |
0 |
|
|a rus
|
| 102 |
|
|
|a RU
|
| 105 |
|
|
|a a z 000zy
|
| 200 |
1 |
|
|a Быстродействующие преобразователи параметров режима электрических сетей
|f В. Г. Киракосов, Я. Н. Лугинский, А. Н. Новаковский, В. К. Стрюцков
|
| 210 |
|
|
|a Москва
|c Энергоатомиздат
|d 1986
|
| 215 |
|
|
|a 144 с.
|c ил.
|
| 610 |
1 |
|
|a электрические сети
|
| 610 |
1 |
|
|a преобразователи
|
| 610 |
1 |
|
|a параметры режима
|
| 610 |
1 |
|
|a токи переменные
|
| 610 |
1 |
|
|a сигналы
|
| 610 |
1 |
|
|a схемы
|
| 610 |
1 |
|
|a операционные усилители
|
| 675 |
|
|
|a 621.314.5
|v 3
|
| 701 |
|
1 |
|a Киракосов
|b В. Г.
|g Валериан Григорьевич
|
| 701 |
|
1 |
|a Лугинский
|b Я. Н.
|g Яков Натанович
|
| 701 |
|
1 |
|a Новаковский
|b А. Н.
|g Александр Наумович
|
| 701 |
|
1 |
|a Стрюцков
|b В. К.
|g Владимир Карлович
|
| 801 |
|
0 |
|a RU
|b 63413507
|c 20011210
|g PSBO
|
| 801 |
|
2 |
|a RU
|b 63413507
|c 20141121
|g PSBO
|
| 900 |
|
|
|a Проектирование и эксплуатация релейной защиты и автоматики энергосистем
|
| 900 |
|
|
|a Технические средства автоматизации
|
| 942 |
|
|
|c BK
|